Visualizzazione normale
Vista MARC
- Strayhorn Billy
di Personal Name
Records bibliografici associati: 1
001 - CONTROL NUMBER
- control field: 30994
003 - CONTROL NUMBER IDENTIFIER
- control field: IT-RoPau
005 - DATE AND TIME OF LATEST TRANSACTION
- control field: 20140621121820.0
008 - FIXED-LENGTH DATA ELEMENTS
- fixed length control field: 140621|| aca||aabn | a|a d
040 ## - CATALOGING SOURCE
- Original cataloging agency: IT-RoPau
- Transcribing agency: IT-RoPau
100 ## - HEADING--PERSONAL NAME
- Personal name: Strayhorn Billy
- Dates associated with a name: Codice autore SPICS: 16295
- Relator term: Autore
- Name of part/section of a work: Have You Seen Johnny? Johnny Come Lately
670 ## - SOURCE DATA FOUND
- Source citation: Work cat.: (IT-RoPau)99329: AA.VV. 794, Italian Jazz Today